000 01320nam a2200301 a 4500
003 OSt
005 20230602110729.0
007 cr ||||||a|c|a
008 230526s2019 mx a|||fom||| 001 0 spa d
040 _erda
100 1 _9187212
_aAlamos Ameya, Cesar
245 1 0 _aProductividad del trabajo y el capital en vid (Vitis vinifera) irrigada por goteo en Coahuila, México /
_cpor Cesar Alamos Amaya y José Iván Gámes García; director de tesis José Luis Ríos Flores.
264 1 _aDurango, México :
_bEl autor,
_c2019.
300 _a1 recurso en línea (63 páginas):
_bCuadros, figuras.
336 _2rdacontent
_atexto
_btxt
337 _2rdamedia
_acomputadora
_bc
338 _2rdacarrier
_arecurso en línea
_bcr
502 _bIAEZA
_cURUZA
_d2019.
_gLIC
504 _aIncluye referencias bibliográficas: páginas 49-52.
650 4 _9187214
_aUva
_xAspectos económicos
_zCoahuila
650 4 _9187215
_aUva
_xCostos de producción
_zCoahuila
650 4 _95966
_aAnálisis de costos y beneficio
650 4 _9187216
_aUva
_xProducitividad laboral
700 1 _9187213
_aGámes García, José Iván
700 1 _999197
_aRíos Flores, José Luis
_eDirector de tesis.
856 _uhttp://10.13.5.2/tesis/tl/Alamos_Amaya_Cesar.pdf
_zDESCARGAR PDF
942 _2Clasificación Universidad Autónoma Chapingo
_cTD
999 _c218840
_d218840